| 000 | 00724nam a2200241 4500 | ||
|---|---|---|---|
| 003 | OSt | ||
| 005 | 20240619060757.0 | ||
| 006 | a | ||
| 008 | 240610b |||||||| |||| 00| 0 eng d | ||
| 020 | _a9716857436 | ||
| 040 |
_aDWCL-Main lib. _cOC |
||
| 082 |
_2revised edition _aFil. 371.102 S161t 2012 |
||
| 100 | _aSalandanan, Gloria G. | ||
| 245 | _aTeaching and the teacher / | ||
| 250 | _arevised edition | ||
| 260 |
_aQuezon City : _bLorimar Pub., _cc2012. |
||
| 300 |
_b138 p. : ill. ; _c25 cm. |
||
| 504 | _aIncludes bibliographical references & appendices. | ||
| 650 | _a1. Teachers and teaching. | ||
| 650 | _a2. Teaching. | ||
| 700 | _aGloria G Salandanan | ||
| 942 |
_2ddc _n0 _cBK - FIL _erevised edition _kFil. |
||
| 999 |
_c477 _d477 |
||